|
|
|
|
| LEADER |
00867nab#a2200289#ar4500 |
| 001 |
000076977 |
| 003 |
SVKKK |
| 005 |
20060717xxxxxxx. |
| 008 |
06 c xo huno |
| FMT |
|
|
|
| 038 |
|
|
|a SVKKK
|
| 040 |
|
|
|a SVKKK
|b slo
|e AACR2
|
| 041 |
0 |
|
|a hun
|
| 044 |
|
|
|a xo
|c SK
|
| 080 |
|
|
|a 353
|
| 242 |
1 |
0 |
|a Vymenovania v župe
|
| 245 |
0 |
0 |
|a Kinevezések a vármegyénél
|
| 520 |
2 |
|
|a Menovanie slúžneho Sniny Júliusa (Gyula) Durcsinszkeho mladšieho za hlavného slúžneho v júli 1906.
|
| 650 |
0 |
4 |
|a Durcsinszky, Július ml. (slúžny) - Snina (pôsobenie) - hlavný slúžny (funkcia) - menovanie úradné - rok 1906 - správy
|
| 773 |
0 |
|
|t Felső-Zemplén : Társadalmi hetilap
|g Roč. 11, č. 29 (12.07.0712) s. 2
|
| 957 |
|
|
|a Snina
|
| 958 |
|
|
|a DG
|
| 958 |
|
|
|a SK
|
| 974 |
|
|
|a Ba
|d 20060717
|
| 992 |
|
|
|a RBX
|
| BAS |
|
|
|
| 998 |
|
|
|a RETRO
|